|
|
|
|
| LEADER |
00000cam a2200000 a 4500 |
| 001 |
1/118327 |
| 008 |
190329s2019####gr | ||| |||| ||gre|| |
| 020 |
|
|
|a 9789606390005
|
| 040 |
|
|
|a GR-MyUa
|b gre
|c GR-MyUa
|e AACR2
|
| 041 |
0 |
|
|a gre
|
| 082 |
7 |
|
|a 889.3
|2 (23)
|
| 082 |
7 |
|
|a 889.309
|2 (23)
|
| 100 |
1 |
|
|a Ζωγράφου, Λιλή,
|d 1922-1998.
|
| 245 |
1 |
0 |
|a Νίκος Καζαντζάκης, ένας τραγικός /
|c Λιλή Ζωγράφου.
|
| 260 |
|
|
|a Αθήνα :
|b Το Βήμα,
|c 2019.
|
| 300 |
|
|
|a 312 σ. ;
|c 20 εκ.
|
| 500 |
|
|
|a Η παρούσα έκδοση αποτελεί πιστή αναπαραγωγή του βιβλίου : Νίκος Καζαντζάκης. 'Ενας τραγικός, Εκδόσεις Αλεξάνδρεια, 1997.
|
| 500 |
|
|
|a Ειδική έκδοση για την εφημερίδα "ΤΟ ΒΗΜΑ".
|
| 600 |
1 |
7 |
|2 nlgaf
|a Καζαντζάκης, Νίκος,
|d 1883-1957.
|
| 650 |
|
0 |
|a Greek fiction, Modern
|y 20th century
|x History and criticism.
|
| 852 |
|
|
|a INST
|b SAMOS
|e 20190329
|h 889.309 ΖΩΓ
|p 005300045853
|q 005300045853
|t BK
|y 0
|
| 852 |
|
|
|a INST
|b SYROS
|e 20200214
|h 889.3 ΖΩΓ
|p 005500013847
|q 005500013847
|t BK
|y 0
|
| 970 |
|
|
|a Γουβάλα
|b Βάσω
|z 29-03-2019
|